00532nam a2200157 a 450000100100000000500170001000800410002704000230006808200150009111000270010624000180013324501080015126000580025930000270031770000300034400004472120201002045557.0150107s2012 dr a 000 0 spa d aDO-SdBNPbspaBNPHU axxxxbxxxx1 aRepública Dominicana10a[Leyes, etc.]13aEl defensor del pueblo :bun vocero para la niñez /ccompilación y adaptación, Marsie González. aSanto Domingo :bSave the Children Dominicana,c2012. a27 p. :bil. ;c18 cm.1 aGonzález, Marsieecomp.